[Event "POL-chT 65th"]
[Site "Lublin"]
[Date "2009.09.15"]
[Round "4.11"]
[White "Murawski, Grzegorz"]
[Black "Lubczynski, Rafal"]
[Result "0-1"]
[WhiteElo "2303"]
[BlackElo "2425"]
[PlyCount "48"]
[EventDate "2009.09.12"]
[EventType "team-tourn"]
[EventRounds "9"]
[EventCountry "POL"]
[SourceTitle "EXT 2019"]
[Source "ChessBase"]
[SourceDate "2018.10.10"]
[SourceVersion "1"]
[SourceVersionDate "2018.10.10"]
[SourceQuality "1"]
[WhiteTeam "Kozuchow Odrodzenie"]
[BlackTeam "Wroclaw Polonia"]
[WhiteTeamCountry "POL"]
[BlackTeamCountry "POL"]

1. e4 d6 2. d4 Nf6 3. Nc3 e5 4. Nf3 Nbd7 5. Bc4 Be7 6. 0-0 0-0 7. a4 a5 8. Qe2 c6 9. Ba2 h6 10. Rd1 Qc7 11. h3 exd4 12. Rxd4 Nc5 13. Be3 Re8 14. Rad1 Bf8 15. Nd2 Be6 16. Nc4 Bxc4 17. Qxc4 Nfxe4 18. Nxe4 Rxe4 19. Rxe4 d5 20. Qe2 Nxe4 21. c4 dxc4 22. Qxc4 Nf6 23. Bf4 Qe7 24. Bd6 Qd7 0-1

[Event "POL-chT1"]
[Site "Chotowa"]
[Date "2007.09.05"]
[Round "3"]
[White "Stysiak, Szymon"]
[Black "Murawski, Grzegorz"]
[Result "1-0"]
[WhiteElo "2260"]
[BlackElo "2321"]
[PlyCount "129"]
[EventDate "2007.09.03"]
[EventType "team"]
[EventRounds "9"]
[EventCountry "POL"]
[SourceTitle "EXT 2009"]
[Source "ChessBase"]
[SourceDate "2008.11.26"]
[SourceVersion "1"]
[SourceVersionDate "2008.11.26"]
[SourceQuality "1"]

1. d4 Nf6 2. c4 g6 3. Nc3 d5 4. cxd5 Nxd5 5. e4 Nxc3 6. bxc3 Bg7 7. Bc4 c5 8. Ne2 0-0 9. 0-0 Nc6 10. Be3 Qc7 11. Rc1 Rd8 12. Qd2 Qd7 13. Rfd1 Na5 14. Bd3 c4 15. Bc2 b6 16. Bh6 Bh8 17. Qe3 Qe8 18. f4 Bg4 19. Rd2 Bxe2 20. Rxe2 e6 21. e5 Nc6 22. Bg5 Ne7 23. Qg3 b5 24. Be4 Rab8 25. Rb2 Rd7 26. Rcb1 a6 27. a4 Ra7 28. Qf3 Bg7 29. axb5 axb5 30. Bxe7 Qxe7 31. Rxb5 Rxb5 32. Rxb5 Ra1+ 33. Rb1 Qa3 34. Rxa1 Qxa1+ 35. Kf2 Bf8 36. d5 Bc5+ 37. Kg3 Qe1+ 38. Kg4 exd5 39. Bxd5 Be3 40. Bxc4 h5+ 41. Kh3 Qd2 42. g3 Bg1 43. Be2 Qd7+ 44. Kg2 Bc5 45. Qd3 Qc6+ 46. Bf3 Qb6 47. Bd5 Kg7 48. Qe2 h4 49. g4 Qb1 50. e6 Qg1+ 51. Kh3 fxe6 52. Qe5+ Kh7 53. Qc7+ Kh8 54. Qc8+ Kg7 55. Qd7+ Kf8 56. Qd8+ Kf7 57. Qd7+ Kf8 58. Qxe6 Qf1+ 59. Kxh4 Be7+ 60. Kg3 Qg1+ 61. Bg2 g5 62. fxg5 Qc1 63. Qf5+ Kg8 64. Bd5+ Kg7 65. Qf7+ 1-0

[Event "POL-chT1"]
[Site "Chotowa"]
[Date "2007.09.04"]
[Round "2"]
[White "Murawski, Grzegorz"]
[Black "Sendera, Jaroslaw"]
[Result "1/2-1/2"]
[WhiteElo "2321"]
[BlackElo "2334"]
[PlyCount "93"]
[EventDate "2007.09.03"]
[EventType "team"]
[EventRounds "9"]
[EventCountry "POL"]
[SourceTitle "EXT 2009"]
[Source "ChessBase"]
[SourceDate "2008.11.26"]
[SourceVersion "1"]
[SourceVersionDate "2008.11.26"]
[SourceQuality "1"]

1. e4 c5 2. Nf3 d6 3. d4 cxd4 4. Nxd4 Nf6 5. Nc3 Nc6 6. Bg5 e6 7. Qd2 Be7 8. 0-0-0 0-0 9. f4 Nxd4 10. Qxd4 Qa5 11. Kb1 Rd8 12. Be2 Bd7 13. Qd2 Kh8 14. Bf3 Bc6 15. g4 b5 16. Qg2 Qc7 17. Ne2 Rac8 18. Nd4 Be8 19. h4 a5 20. Bxf6 Bxf6 21. g5 Bxd4 22. Rxd4 e5 23. Rd2 exf4 24. Rhd1 Qe7 25. Qg4 Rc5 26. Qxf4 Re5 27. Rd5 Rxd5 28. exd5 b4 29. h5 Bd7 30. h6 Qe5 31. hxg7+ Kxg7 32. Qxe5+ dxe5 33. Be4 h6 34. gxh6+ Kxh6 35. Rf1 Kg7 36. c4 bxc3 37. bxc3 f5 38. Bxf5 Bxf5+ 39. Rxf5 Rxd5 40. Kc2 Kg6 41. Rf8 e4 42. c4 Rd4 43. Kc3 Rd3+ 44. Kc2 Ra3 45. Kb2 Rf3 46. Ra8 e3 47. Rxa5 1/2-1/2

[Event "POL-chT 1st League"]
[Site "Opole"]
[Date "2006.09.10"]
[Round "9"]
[White "Murawski, Grzegorz"]
[Black "Tworuszka, Michal"]
[Result "1/2-1/2"]
[WhiteElo "2311"]
[BlackElo "2305"]
[PlyCount "23"]
[EventDate "2006.09.01"]
[EventType "team-tourn"]
[EventRounds "9"]
[EventCountry "POL"]
[SourceTitle "CBM 114 Extra"]
[Source "ChessBase"]
[SourceDate "2006.11.03"]
[SourceVersion "1"]
[SourceVersionDate "2006.11.03"]
[SourceQuality "1"]
[WhiteTeam "Kozuchow Odrodzenie"]
[BlackTeam "Gliwice Politechnika Slaska"]
[WhiteTeamCountry "POL"]
[BlackTeamCountry "POL"]

1. d4 Nf6 2. Nc3 d5 3. Bg5 Nbd7 4. Nf3 g6 5. e3 Bg7 6. Bd3 0-0 7. Ne2 c5 8. c3 Qb6 9. Qb3 c4 10. Qxb6 Nxb6 11. Bc2 h6 12. Bxf6 1/2-1/2

[Event "POL-chT 1st League"]
[Site "Opole"]
[Date "2006.09.03"]
[Round "2"]
[White "Plonczak, Dominik"]
[Black "Murawski, Grzegorz"]
[Result "0-1"]
[WhiteElo "2096"]
[BlackElo "2311"]
[PlyCount "82"]
[EventDate "2006.09.01"]
[EventType "team-tourn"]
[EventRounds "9"]
[EventCountry "POL"]
[SourceTitle "CBM 114 Extra"]
[Source "ChessBase"]
[SourceDate "2006.11.03"]
[SourceVersion "1"]
[SourceVersionDate "2006.11.03"]
[SourceQuality "1"]
[WhiteTeam "Poznan Lech"]
[BlackTeam "Kozuchow Odrodzenie"]
[WhiteTeamCountry "POL"]
[BlackTeamCountry "POL"]

1. e4 d6 2. d4 Nf6 3. Nc3 e5 4. Nf3 Nbd7 5. Bc4 Be7 6. 0-0 0-0 7. Re1 c6 8. a4 b6 9. b3 a6 10. Bb2 Rb8 11. Bd3 Re8 12. Ne2 Bf8 13. Ng3 Qc7 14. Qd2 g6 15. c4 Bb7 16. a5 bxa5 17. Bc3 exd4 18. Bxa5 Qc8 19. Nxd4 Bg7 20. Bc3 Ne5 21. Bc2 c5 22. Nf3 Nfd7 23. Nxe5 dxe5 24. Nf1 Nf8 25. Ne3 Ne6 26. Nd5 Nd4 27. Bxd4 exd4 28. Qd3 Be5 29. g3 Qd8 30. f4 Bg7 31. Bd1 f5 32. Bf3 fxe4 33. Bxe4 Kh8 34. Ra2 Bc8 35. Ree2 Bg4 36. Rf2 Qd6 37. h3 Bxh3 38. Rh2 Qe6 39. Rae2 Bg4 40. Bf3 Qf5 41. Qxf5 Bxf5 0-1

[Event "Oberliga Nord O 0506"]
[Site "Germany"]
[Date "2006.03.12"]
[Round "8.2"]
[White "Wendt, Jan Dietrich"]
[Black "Murawski, Grzegorz"]
[Result "1/2-1/2"]
[WhiteElo "2331"]
[BlackElo "2307"]
[PlyCount "112"]
[EventDate "2005.10.23"]
[EventType "team-tourn"]
[EventRounds "9"]
[EventCountry "GER"]
[SourceTitle "EXT 2007"]
[Source "ChessBase"]
[SourceDate "2006.11.23"]
[SourceVersion "1"]
[SourceVersionDate "2006.11.23"]
[SourceQuality "1"]
[WhiteTeam "Berlin II"]
[BlackTeam "Lasker Steglitz"]
[WhiteTeamCountry "GER"]
[BlackTeamCountry "GER"]

1. c4 Nf6 2. Nc3 c6 3. e4 e5 4. Nf3 d6 5. d4 Nbd7 6. Be2 Be7 7. 0-0 0-0 8. Be3 Re8 9. d5 Bf8 10. Nd2 h6 11. b4 a6 12. Qc2 Qc7 13. Rfc1 c5 14. a3 b6 15. Rab1 g6 16. Rb3 Bg7 17. Rcb1 Nh7 18. bxc5 bxc5 19. R3b2 Rb8 20. Rxb8 Nxb8 21. Qb3 Nd7 22. Qa4 Bf8 23. Nb3 Qd8 24. Qa5 Qe7 25. Qc7 f5 26. Na5 Ndf6 27. Qxe7 Rxe7 28. Rb8 Rc7 29. exf5 gxf5 30. f4 Nd7 31. Rb3 Nhf6 32. h3 Kf7 33. Nc6 Ke8 34. fxe5 dxe5 35. Bd3 e4 36. Bc2 Rb7 37. Ne2 Rxb3 38. Bxb3 Nb6 39. Nf4 Bd6 40. a4 Bd7 41. a5 Nc8 42. Ba4 Ne7 43. Kf2 Bxc6 44. dxc6 Kf7 45. g3 Ne8 46. Nd5 h5 47. Bd1 Nxc6 48. Bxh5+ Kf8 49. Bh6+ Ng7 50. Nf6 Ne5 51. Ne8 Nd3+ 52. Ke3 Be5 53. h4 Bd4+ 54. Ke2 Nb2 55. Nxg7 Bxg7 56. Bxg7+ Kxg7 1/2-1/2

[Event "POL-chT 1st League"]
[Site "Jarnoltowek"]
[Date "2005.09.03"]
[Round "1.10"]
[White "Murawski, Grzegorz"]
[Black "Stysiak, Szymon"]
[Result "1-0"]
[WhiteElo "2312"]
[BlackElo "2198"]
[PlyCount "45"]
[EventDate "2005.09.03"]
[EventType "team-tourn"]
[EventRounds "9"]
[EventCountry "POL"]
[SourceTitle "EXT 2019"]
[Source "ChessBase"]
[SourceDate "2018.10.10"]
[SourceVersion "1"]
[SourceVersionDate "2018.10.10"]
[SourceQuality "1"]
[WhiteTeam "Kozuchow Odrodzenie"]
[BlackTeam "Raciborz Rzemioslo"]
[WhiteTeamCountry "POL"]
[BlackTeamCountry "POL"]

1. e4 e6 2. Qe2 c5 3. Nf3 Nc6 4. d3 g6 5. g3 Bg7 6. Bg2 d6 7. 0-0 Nge7 8. c3 Kf8 9. h4 b5 10. Bf4 a5 11. e5 dxe5 12. Nxe5 Bb7 13. Na3 Bxe5 14. Bxe5 Nxe5 15. Bxb7 Rb8 16. Be4 b4 17. cxb4 axb4 18. Nc4 N5c6 19. a4 Nd4 20. Qd1 f5 21. Bg2 f4 22. Be4 Nef5 23. gxf4 1-0

[Event "Wroclaw Polonia op-A"]
[Site "Wroclaw"]
[Date "2005.07.01"]
[Round "7"]
[White "Murawski, Grzegorz"]
[Black "Starostits, Ilmars"]
[Result "1/2-1/2"]
[WhiteElo "2488"]
[BlackElo "2468"]
[PlyCount "32"]
[EventDate "2005.06.??"]
[EventType "swiss"]
[EventRounds "9"]
[EventCountry "POL"]
[SourceTitle "EXT 2006"]
[Source "ChessBase"]
[SourceDate "2005.11.24"]
[SourceVersion "1"]
[SourceVersionDate "2005.11.24"]
[SourceQuality "1"]

1. d4 d5 2. c4 c6 3. Nc3 dxc4 4. e4 b5 5. a4 b4 6. Na2 Nf6 7. e5 Nd5 8. Bxc4 Bf5 9. Nf3 e6 10. Bg5 Qb6 11. 0-0 h6 12. Bd2 a5 13. Nc1 Nd7 14. Nb3 Be7 15. Qe2 0-0 16. Rfc1 f6 1/2-1/2

[Event "Wroclaw Polonia op-A"]
[Site "Wroclaw"]
[Date "2005.06.27"]
[Round "1"]
[White "Murawski, Grzegorz"]
[Black "Jagiela, Piotr"]
[Result "1-0"]
[WhiteElo "2488"]
[BlackElo "2077"]
[PlyCount "70"]
[EventDate "2005.06.??"]
[EventType "swiss"]
[EventRounds "9"]
[EventCountry "POL"]
[SourceTitle "EXT 2006"]
[Source "ChessBase"]
[SourceDate "2005.11.24"]
[SourceVersion "1"]
[SourceVersionDate "2005.11.24"]
[SourceQuality "1"]

1. d4 Nf6 2. c4 c6 3. Nc3 d5 4. Nf3 Bf5 5. Qb3 b6 6. Bf4 e6 7. a4 Be7 8. e3 0-0 9. Be2 Nbd7 10. h3 Ne8 11. cxd5 cxd5 12. 0-0 Bd6 13. Bxd6 Nxd6 14. Qb4 Nb8 15. Nb5 Ne8 16. Rfc1 a6 17. Na3 f6 18. Rc3 Nd6 19. Nd2 Ra7 20. Rac1 g5 21. Rb3 Rb7 22. Rbc3 Qd7 23. Qb3 Bg6 24. Nc2 Rc8 25. Nb4 Rxc3 26. bxc3 a5 27. Nd3 Be8 28. Nb2 Nc6 29. c4 Nb4 30. cxd5 exd5 31. Nb1 Bf7 32. Bd3 Rc7 33. Rxc7 Qxc7 34. Nc3 Ne4 35. Ne2 Kg7 1-0

[Event "POL-chT 60th 1st League"]
[Site "Ustron"]
[Date "2004.09.10"]
[Round "7"]
[White "Orzechowski, Jacek"]
[Black "Murawski, Grzegorz"]
[Result "1/2-1/2"]
[WhiteElo "2260"]
[BlackElo "2361"]
[PlyCount "77"]
[EventDate "2004.09.04"]
[EventType "team-tourn"]
[EventRounds "9"]
[EventCountry "POL"]
[SourceTitle "EXT 2007"]
[Source "ChessBase"]
[SourceDate "2006.11.23"]
[SourceVersion "1"]
[SourceVersionDate "2006.11.23"]
[SourceQuality "1"]
[WhiteTeam "Raciborz Rzemioslo"]
[BlackTeam "Kozuchow Odrodzenie"]
[WhiteTeamCountry "POL"]
[BlackTeamCountry "POL"]

1. c4 Nf6 2. Nf3 g6 3. Nc3 d5 4. cxd5 Nxd5 5. Qa4+ Bd7 6. Qh4 Nf6 7. e4 Bg7 8. d4 c6 9. Bh6 Bxh6 10. Qxh6 Qb6 11. 0-0-0 Na6 12. Bc4 0-0-0 13. Ne5 Ng4 14. Nxg4 Bxg4 15. f3 Be6 16. Bxe6+ fxe6 17. Qg7 Qc7 18. Kb1 Qd6 19. d5 exd5 20. exd5 Qf6 21. Qxf6 exf6 22. Rhe1 cxd5 23. Nxd5 f5 24. Re7 Kb8 25. Nc3 Rxd1+ 26. Nxd1 Nb4 27. Nc3 Nc6 28. Rg7 a6 29. a3 Nd4 30. Rd7 Ne6 31. Re7 Nf4 32. g3 Nh3 33. Na4 Rc8 34. Rxh7 Ng1 35. Rg7 Nxf3 36. Rxg6 Nxh2 37. Rf6 Nf1 38. Rxf5 Nxg3 39. Rc5 1/2-1/2

[Event "POL-chT 60th 1st League"]
[Site "Ustron"]
[Date "2004.09.07"]
[Round "4"]
[White "Murawski, Grzegorz"]
[Black "Markiewicz, Jerzy"]
[Result "1-0"]
[WhiteElo "2361"]
[BlackElo "2316"]
[PlyCount "53"]
[EventDate "2004.09.04"]
[EventType "team-tourn"]
[EventRounds "9"]
[EventCountry "POL"]
[SourceTitle "EXT 2007"]
[Source "ChessBase"]
[SourceDate "2006.11.23"]
[SourceVersion "1"]
[SourceVersionDate "2006.11.23"]
[SourceQuality "1"]
[WhiteTeam "Kozuchow Odrodzenie"]
[BlackTeam "Dankowice Pasjonat"]
[WhiteTeamCountry "POL"]
[BlackTeamCountry "POL"]

1. e4 c5 2. Nf3 d6 3. d4 cxd4 4. Nxd4 Nf6 5. Nc3 Nc6 6. Bg5 e6 7. Qd2 a6 8. 0-0-0 Bd7 9. f4 b5 10. Nxc6 Bxc6 11. Bd3 h6 12. Bxf6 Qxf6 13. e5 Qd8 14. Kb1 Qb6 15. exd6 0-0-0 16. Be4 b4 17. Qd4 Qxd4 18. Rxd4 bxc3 19. Rc4 Rxd6 20. Bxc6 cxb2 21. Be8+ Kd8 22. Bxf7 g5 23. Re1 Rh7 24. Bxe6 Rc7 25. Rb4 Bg7 26. Bg4 Rf7 27. Rc4 1-0

[Event "POL-chT 60th 1st League"]
[Site "Ustron"]
[Date "2004.09.06"]
[Round "3"]
[White "Turlej, Lukasz"]
[Black "Murawski, Grzegorz"]
[Result "1/2-1/2"]
[WhiteElo "2111"]
[BlackElo "2361"]
[PlyCount "60"]
[EventDate "2004.09.04"]
[EventType "team-tourn"]
[EventRounds "9"]
[EventCountry "POL"]
[SourceTitle "EXT 2007"]
[Source "ChessBase"]
[SourceDate "2006.11.23"]
[SourceVersion "1"]
[SourceVersionDate "2006.11.23"]
[SourceQuality "1"]
[WhiteTeam "Katowice Start"]
[BlackTeam "Kozuchow Odrodzenie"]
[WhiteTeamCountry "POL"]
[BlackTeamCountry "POL"]

1. d4 Nf6 2. c4 g6 3. Nc3 d5 4. Nf3 Bg7 5. Qb3 dxc4 6. Qxc4 0-0 7. e4 a6 8. Bf4 b5 9. Qxc7 Qxc7 10. Bxc7 Bb7 11. Bd3 b4 12. Na4 Nxe4 13. 0-0 Nf6 14. Ne5 Nc6 15. Nc5 Rfc8 16. Nxc6 Rxc7 17. Nxb4 a5 18. Nxb7 axb4 19. Nc5 Rd8 20. Nb3 e5 21. Rfc1 Rxc1+ 22. Rxc1 exd4 23. Rc4 Nd5 24. g3 h5 25. Kf1 h4 26. Ke2 f5 27. Rc6 Kh7 28. Kd1 h3 29. Nc5 Nf6 30. Rc7 Re8 1/2-1/2

[Event "POL-chT 60th 1st League"]
[Site "Ustron"]
[Date "2004.09.04"]
[Round "1"]
[White "Murawski, Grzegorz"]
[Black "Tworuszka, Michal"]
[Result "0-1"]
[WhiteElo "2361"]
[BlackElo "2321"]
[PlyCount "81"]
[EventDate "2004.09.04"]
[EventType "team-tourn"]
[EventRounds "9"]
[EventCountry "POL"]
[SourceTitle "EXT 2007"]
[Source "ChessBase"]
[SourceDate "2006.11.23"]
[SourceVersion "1"]
[SourceVersionDate "2006.11.23"]
[SourceQuality "1"]
[WhiteTeam "Kozuchow Odrodzenie"]
[BlackTeam "Gliwice Politechnika Slaska"]
[WhiteTeamCountry "POL"]
[BlackTeamCountry "POL"]

1. e4 c6 2. d4 d5 3. e5 Bf5 4. Nc3 e6 5. g4 Bg6 6. Nge2 Nh6 7. Ng3 c5 8. h4 cxd4 9. Qxd4 Nc6 10. Bb5 Qd7 11. Bxc6 bxc6 12. Bxh6 gxh6 13. h5 Bxc2 14. Qd2 Be4 15. Ncxe4 dxe4 16. Qxd7+ Kxd7 17. Nxe4 Be7 18. Ke2 Rab8 19. b3 Rhg8 20. Rhg1 Rb5 21. f4 Kc7 22. Rad1 Rd5 23. Rd3 Kb6 24. Nc3 Rxd3 25. Kxd3 Rd8+ 26. Ke4 Kc5 27. Rd1 Rxd1 28. Nxd1 Kb4 29. Ne3 Ka3 30. Kd3 Kxa2 31. Kc4 Bh4 32. f5 Bg3 33. fxe6 fxe6 34. Nc2 c5 35. b4 Kb2 36. Ne3 cxb4 37. Kxb4 Be1+ 38. Kb5 a5 39. Nc4+ Kb3 40. Nxa5+ Bxa5 41. Kc6 0-1

[Event "Oberliga Nord O 0304"]
[Site "Germany"]
[Date "2004.02.15"]
[Round "6.1"]
[White "Murawski, Grzegorz"]
[Black "Lueders, Gerhard"]
[Result "1-0"]
[WhiteElo "2362"]
[BlackElo "2292"]
[PlyCount "67"]
[EventDate "2003.10.12"]
[EventType "team-tourn"]
[EventRounds "9"]
[EventCountry "GER"]
[SourceTitle "EXT 2005"]
[Source "ChessBase"]
[SourceDate "2004.11.15"]
[SourceVersion "1"]
[SourceVersionDate "2004.11.15"]
[SourceQuality "1"]
[WhiteTeam "Lasker Steglitz"]
[BlackTeam "Rehberge"]
[WhiteTeamCountry "GER"]
[BlackTeamCountry "GER"]

1. e4 c5 2. Nf3 d6 3. d4 cxd4 4. Nxd4 Nf6 5. Nc3 a6 6. Be3 e6 7. Qd2 b5 8. f3 Nbd7 9. 0-0-0 Bb7 10. g4 Nb6 11. h4 Rc8 12. g5 Nfd7 13. h5 b4 14. Nb1 d5 15. Bd3 e5 16. exd5 exd4 17. Bxd4 Qc7 18. h6 Rg8 19. Bxh7 Bd6 20. Rde1+ Kd8 21. Bxg8 Nc4 22. Bxf7 Nde5 23. Qe2 Qxf7 24. h7 Kd7 25. h8Q Rxh8 26. Rxh8 Bxd5 27. b3 Qf4+ 28. Be3 Nxe3 29. Qxe3 Nxf3 30. Nd2 Nxe1 31. Qxe1 Qd4 32. Qe8+ Kc7 33. Qb8+ Kc6 34. Rc8+ 1-0

[Event "Oberliga Nord O 0304"]
[Site "Germany"]
[Date "2003.11.02"]
[Round "2.1"]
[White "Penzold, Andreas"]
[Black "Murawski, Grzegorz"]
[Result "0-1"]
[WhiteElo "2324"]
[BlackElo "2362"]
[PlyCount "118"]
[EventDate "2003.10.12"]
[EventType "team-tourn"]
[EventRounds "9"]
[EventCountry "GER"]
[SourceTitle "EXT 2005"]
[Source "ChessBase"]
[SourceDate "2004.11.15"]
[SourceVersion "1"]
[SourceVersionDate "2004.11.15"]
[SourceQuality "1"]
[WhiteTeam "Potsdam Empor"]
[BlackTeam "Lasker Steglitz"]
[WhiteTeamCountry "GER"]
[BlackTeamCountry "GER"]

1. c4 Nf6 2. Nc3 d5 3. cxd5 Nxd5 4. g3 g6 5. Bg2 Nb6 6. d3 Bg7 7. Be3 Nc6 8. Bxc6+ bxc6 9. Qc1 h5 10. Nf3 Bg4 11. Ng5 Nd5 12. Bd2 0-0 13. f3 Bf5 14. Nge4 Bd4 15. a3 Rb8 16. e3 Bg7 17. Qc2 Be6 18. Nf2 Qc8 19. Ke2 Qa6 20. Rhb1 f5 21. Na4 Bf7 22. Nc5 Qc8 23. a4 e5 24. Ra3 f4 25. e4 Nb4 26. Bxb4 Rxb4 27. g4 Rd8 28. Rc3 Rd6 29. b3 Qd8 30. Rg1 Kh7 31. Na6 Rb6 32. Nc5 a5 33. Rg2 Bf8 34. Rg1 Rd4 35. Rb1 Rdb4 36. h3 Qd4 37. Kf1 Bxc5 38. Rxc5 Bxb3 39. Qc1 Bxa4 40. Rxb4 Rxb4 41. Rxa5 Bb5 42. Qa3 c5 43. Qa2 Bxd3+ 44. Nxd3 Qxd3+ 45. Kg2 Rb3 46. Qf2 Rb1 47. Rxc5 Qd1 48. Rxc7+ Kh6 49. Rh7+ Kxh7 50. Qa7+ Kg8 51. Qa8+ Kf7 52. Qa7+ Ke8 53. Qa8+ Kd7 54. Qa7+ Kc6 55. Qa8+ Kc5 56. Qa5+ Kc4 57. Qa6+ Kc3 58. Qc6+ Kd2 59. Qd5+ Kc1 0-1

[Event "POL-chT 1st League"]
[Site "Ustron"]
[Date "2003.09.14"]
[Round "9"]
[White "Murawski, Grzegorz"]
[Black "Mazalon, Mariusz"]
[Result "1-0"]
[WhiteElo "2362"]
[BlackElo "2165"]
[PlyCount "63"]
[EventDate "2003.09.06"]
[EventType "team-tourn"]
[EventRounds "9"]
[EventCountry "POL"]
[SourceTitle "EXT 2005"]
[Source "ChessBase"]
[SourceDate "2004.11.15"]
[SourceVersion "1"]
[SourceVersionDate "2004.11.15"]
[SourceQuality "1"]
[WhiteTeam "Kozuchow Odrodzenie"]
[BlackTeam "Bydgoszcz Chemik"]
[WhiteTeamCountry "POL"]
[BlackTeamCountry "POL"]

1. e4 c5 2. Nf3 d6 3. d4 cxd4 4. Nxd4 Nf6 5. Nc3 a6 6. Bg5 e6 7. f4 Be7 8. Qf3 Nc6 9. Nb3 Qc7 10. 0-0-0 Bd7 11. Be2 h6 12. Bh4 0-0-0 13. Bf2 g5 14. g3 Na5 15. Kb1 Bc6 16. Nd4 d5 17. Nxc6 Qxc6 18. exd5 Nxd5 19. Nxd5 Rxd5 20. Rxd5 Qxd5 21. Qxd5 exd5 22. Rd1 gxf4 23. Rxd5 Nc6 24. gxf4 Rd8 25. Rxd8+ Nxd8 26. c3 Bd6 27. Be3 Kc7 28. Bg4 Nc6 29. Kc2 Ne7 30. c4 f5 31. Bh5 Kd7 32. Bf7 1-0